The sun in myth and art

Bibliographic Details
Main Author: Madanjeet Singh
Format: Book
Published: London : Thames and Hudson , 1993
Subjects:
Sun

MARC

LEADER 00000cam a2200000 7i4500
001 0000008794
002 000009589
005 20000330.0
020 |a 0500015988 
090 0 0 |a 709.701   |b MAD 
100 0 |a Madanjeet Singh 
245 1 4 |a The sun in myth and art 
260 |a London :   |b Thames and Hudson ,   |c 1993 
300 |a 399p. ;   |c 37cm. 
650 0 0 |a Sun 
999 |a 052822   |b BUKU   |c PINJAMAN   |e PERPUSTAKAAN KOMUNITI PETALING JAYA